| 000 | 00478nam a2200157 4500 | ||
|---|---|---|---|
| 001 | 139074 | ||
| 003 | ES-MaACL | ||
| 005 | 20230906195710.0 | ||
| 007 | t| | ||
| 008 | 070214s1922 sp r ||||1| spa d | ||
| 100 | 1 |
_aSanz Cid, Carlos. _9103621 |
|
| 245 | 1 | 3 |
_aLa Constitución de Bayona _b: labor de redacción y elementos que a ella fueron aportados / _cCarlos Sanz Cid. |
| 260 |
_aMadrid : _bReus, _c1922. |
||
| 300 |
_a504 p. ; _c19 x 12 cm. |
||
| 852 |
_aES-MaACL _jF-13302 |
||
| 999 |
_c139074 _d139074 |
||